rusina - Wszystkie Piosenki - Statystyki

Ogólne statystyki
  • Ten quiz został rozwiązany 54 razy
    10 od ostatniego zresetowania
  • Średni wynik to 24 z 38
Statystyki odpowiedzi
DEF JAM WORLD TOUR: BUCHAREST % Poprawnych
BROKE
80%
CISZA
80%
GO!
80%
JENNY
80%
NA FORACH
80%
PARANOJA
80%
RÓB KOLACJE MOIM PYSKOM
80%
ZEMSTA
80%
10 PAK
60%
4 RANO
60%
Acta
60%
BESTFRIENDS
60%
cartier
60%
Closed Eyes
60%
CO JEST W TYM ZŁEGO
60%
Consequence
60%
czy ty też
60%
Dama Z Dobrego Domu
60%
JAKOŚ JESTEM
60%
mocniej od was czuję
60%
MOLLY
60%
myśli pułapki
60%
następne dni - bonus track
60%
Natura
60%
nowy swag
60%
Rodo
60%
setki dróg
60%
Szminki
60%
Throwback
60%
TO NIE MIŁOŚĆ
60%
Trapped In Underground
60%
Whippin'
60%
W PLANACH
60%
wygram albo umrę
60%
Znowu atakuję
60%
millie
40%
pora obudzić się
40%
trzeźwym być
40%
Nie znaleziono quizów pasujących do podanych kryteriów
Rozkład punktacji
Procent ludzi z każdym wynikiem
Percentyl według liczby udzielonych odpowiedzi
Twoja historia wyników
Nie rozwiązałeś tego quizu od ostatniego zresetowania